Deutsche Fußballvereine Bilderquiz - Statistiken

Allgemein
  • Dieses Quiz wurde 120 mal gespielt
  • Das Durchschnittsergebnis liegt bei 12 aus 16
Antwortstatistiken
Bildquiz Antwort % Korrekt
1. FC Köln
93%
VfL Wolfsburg
93%
Borussia Mönchengladbach
86%
Dynamo Dresden
86%
FC Augsburg
86%
Holstein Kiel
86%
VfB Stuttgart
86%
Bayern München
82%
FC Schalke 04
81%
FC St. Pauli
81%
Werder Bremen
79%
Eintracht Frankfurt
77%
Borussia Dortmund
58%
SC Freiburg
50%
1. FC Kaiserslautern
38%
Hertha BSC
28%
Keine übereinstimmenden Quizze gefunden
Verteilung der Resultate
Anzahl Personen mit jedem Resultat
Perzentil nach korrekt beantworteten Fragen
Ihre Resultats-Entwicklung
Sie haben dieses Quiz noch nicht gespielt